00814cam a2200253 a 450000500170000000800410001701000150005802000260007303500130009903700130011204000130012508200130013810000230015124500450017426000360021927000810025530000220033665000100035865100100036870000100037894200270038899900170041595201280043220031230185550.0940308s1993 enkab b 001 0 eng  aENG-101668 c195.00a9788184000948 aEN-85201 bDBAD/PUB adplbEng a791.43721 922405aPal, Anuvab10aThe president is coming /cby Anuvab Pal aNoidabRandom House Indiac2009 aMind Mill Corporate Tower, 2nd Floor, Plot No 24A Sector 16A,bNoidae2013011 a175p.c20cm (pbk) 0922448 922481 922431 2ddccENmPALh791.4372 c48276d48276 00102ddc40718NFICaDBADbDBADd2010-10-08eDBAD/PUBg195.00l0o791.4372 PALp85201r2010-10-08 00:00:00t1v195.00yEN